World religions : (Record no. 1088)
[ view plain ]
| 000 -LEADER | |
|---|---|
| fixed length control field | 01263cam a2200337 i 4500 |
| 001 - CONTROL NUMBER | |
| control field | 18259283 |
| 003 - CONTROL NUMBER IDENTIFIER | |
| control field | GBCCL |
| 005 - DATE AND TIME OF LATEST TRANSACTION | |
| control field | 20241126110353.0 |
| 008 - FIXED-LENGTH DATA ELEMENTS--GENERAL INFORMATION | |
| fixed length control field | 140808s2014 miua 001 0 eng |
| 010 ## - | |
| -- | 2014027504 |
| 020 ## - INTERNATIONAL STANDARD BOOK NUMBER | |
| International Standard Book Number | 9780801049712 (pbk. : alk. paper) |
| 040 ## - CATALOGING SOURCE | |
| Original cataloging agency | DLC |
| Language of cataloging | eng |
| Transcribing agency | DLC |
| Description conventions | rda |
| Modifying agency | DLC |
| 042 ## - | |
| -- | pcc |
| 050 00 - | |
| -- | BL80.3 |
| -- | .W645 2014 |
| 082 00 - DEWEY DECIMAL CLASSIFICATION NUMBER | |
| Classification number | 200 |
| Edition information | 23 |
| Item number | WOR |
| 245 00 - TITLE STATEMENT | |
| Title | World religions : |
| Remainder of title | a guide to the essentials / |
| Statement of responsibility, etc. | Thomas A. Robinson and Hillary P. Rodrigues, [editors] |
| 250 ## - EDITION STATEMENT | |
| Edition statement | Second edition. |
| 264 #1 - PRODUCTION, PUBLICATION, DISTRIBUTION, MANUFACTURE, AND COPYRIGHT NOTICE | |
| Place of production, publication, distribution, manufacture | Grand Rapids, Michigan : |
| Name of producer, publisher, distributor, manufacturer | Baker Academic, |
| Date of production, publication, distribution, manufacture, or copyright notice | [2014] |
| 300 ## - PHYSICAL DESCRIPTION | |
| Extent | xi, 347 pages : |
| Other physical details | illustrations, maps ; |
| Dimensions | 24 cm. |
| 336 ## - CONTENT TYPE | |
| Content type term | text |
| Content type code | txt |
| Source | rdacontent |
| 337 ## - MEDIA TYPE | |
| Media type term | unmediated |
| Media type code | n |
| Source | rdamedia |
| 338 ## - CARRIER TYPE | |
| Carrier type term | volume |
| Carrier type code | nc |
| Source | rdacarrier |
| 490 0# - SERIES STATEMENT | |
| Series statement | World religions |
| 504 ## - BIBLIOGRAPHY, ETC. NOTE | |
| Bibliography, etc. note | Includes bibliographical references and index. |
| 650 #0 - SUBJECT ADDED ENTRY--TOPICAL TERM | |
| Topical term or geographic name entry element | Religions |
| Form subdivision | Textbooks. |
| 9 (RLIN) | 1935 |
| 700 1# - ADDED ENTRY--PERSONAL NAME | |
| Personal name | Robinson, Thomas A. |
| Fuller form of name | (Thomas Arthur), |
| Dates associated with a name | 1951- |
| 9 (RLIN) | 1936 |
| 700 1# - ADDED ENTRY--PERSONAL NAME | |
| Personal name | Rodrigues, Hillary, |
| Dates associated with a name | 1953- |
| 9 (RLIN) | 1937 |
| 906 ## - LOCAL DATA ELEMENT F, LDF (RLIN) | |
| a | 7 |
| b | cbc |
| c | orignew |
| d | 1 |
| e | ecip |
| f | 20 |
| g | y-gencatlg |
| 942 ## - ADDED ENTRY ELEMENTS (KOHA) | |
| Source of classification or shelving scheme | Dewey Decimal Classification |
| Koha item type | Books |
| Koha issues (borrowed), all copies | 119 |
| Withdrawn status | Lost status | Source of classification or shelving scheme | Damaged status | Not for loan | Home library | Current Library | Shelving location | Date acquired | Total checkouts | Total renewals | Full call number | Barcode | Date last seen | Date last checked out | Copy number | Price effective from | Koha item type |
|---|---|---|---|---|---|---|---|---|---|---|---|---|---|---|---|---|---|
| Dewey Decimal Classification | GRACE BIBLE COLLEGE | GRACE BIBLE COLLEGE | Philosophy and Religion | 2017-04-13 | 42 | 14 | 200 WOR | 014300 | 2025-10-06 | 2025-10-01 | c.1 | 2017-04-13 | Books | ||||
| Dewey Decimal Classification | GRACE BIBLE COLLEGE | GRACE BIBLE COLLEGE | Philosophy and Religion | 2018-03-15 | 35 | 3 | 200 WOR | 014304 | 2025-10-03 | 2025-09-29 | c.2 | 2018-03-15 | Books | ||||
| Dewey Decimal Classification | GRACE BIBLE COLLEGE | GRACE BIBLE COLLEGE | Philosophy and Religion | 2023-09-15 | 12 | 1 | 200 WOR | 020521 | 2026-02-23 | 2026-02-17 | c.3 | 2023-09-15 | Books | ||||
| Dewey Decimal Classification | GRACE BIBLE COLLEGE | GRACE BIBLE COLLEGE | Philosophy and Religion | 2023-09-15 | 11 | 1 | 200 WOR | 020522 | 2025-12-08 | 2025-12-03 | c.4 | 2023-09-15 | Books | ||||
| Dewey Decimal Classification | GRACE BIBLE COLLEGE | GRACE BIBLE COLLEGE | Philosophy and Religion | 2023-09-15 | 15 | 1 | 200 WOR | 020523 | 2026-03-11 | 2026-03-06 | c.5 | 2023-09-15 | Books | ||||
| Dewey Decimal Classification | GRACE BIBLE COLLEGE | GRACE BIBLE COLLEGE | Philosophy and Religion | 2023-09-15 | 16 | 200 WOR | 020524 | 2026-02-16 | 2026-02-12 | c.6 | 2023-09-15 | Books | |||||
| Dewey Decimal Classification | GRACE BIBLE COLLEGE | GRACE BIBLE COLLEGE | Philosophy and Religion | 2023-09-15 | 23 | 4 | 200 WOR | 020525 | 2026-02-26 | 2026-02-19 | c.7 | 2023-09-15 | Books |